000 00805nam a2200253Ia 4500
003 OSt
005 20220923222605.0
006 a|||||r|||| 00| 0
007 ta
008 220922b |||||||| |||| 00| 0 hin d
024 _a206,294
037 _cTextual
040 _aARTS
_cARTS
_bhin
041 _2hin
_ahin
082 _aO152,6x, L5
100 _aक्षेमचंद्र 'सुमन'
245 0 _aरेखाएं और संस्मरण
246 _aRekhāean aur sansmaraṇa
260 _aदिल्ली
_b वाणी प्रका0
_c1975
300 _a166पृ.
_ccm.
650 _aहिन्दी साहित्य
_9156264
942 _hO152,6x, L5
_cTEXL
_2CC
999 _c356951
_d356951